00383nam a2200097Ia 4500082002000000245013500020260002700155300001000182500006600192700002700258 aRR 001.6425 COM 0aComputer packages and research design with annotations of input and output from the BMDP, SAS, SPSS and SPSSX statistical packages aNew YorkbLanhamc1983 a781p. acontents: 3Vols. Vol.1, (557p.) - v.2, (684p.) - v.3, (781p.) aBarcikowski, Robert S.